| 000 | 00736nam a2200241Ia 4500 | ||
|---|---|---|---|
| 003 | OSt | ||
| 005 | 20220927110500.0 | ||
| 006 | a|||||r|||| 00| 0 | ||
| 007 | ta | ||
| 008 | 220926b |||||||| |||| 00| 0 eng d | ||
| 024 | _a95283 | ||
| 037 | _cReports | ||
| 040 |
_aRTL _cRTL _beng |
||
| 041 |
_2eng _aeng |
||
| 082 | _a"X9(F551):956.273.N58t4, K1/J8" | ||
| 110 |
_aIndia Labour (Bureau-) _9350942 |
||
| 245 | 0 | _aReport on statistical survey of absenteeism patter among colliery workers in Jharia Coal field | |
| 260 | _c1958 | ||
| 650 | _aCoal Industry | ||
| 700 |
_aIndia Labour (Bureau-) _9350944 |
||
| 942 |
_h"X9(F551):956.273.N58t4, K1/J8" _cCC |
||
| 999 |
_c696971 _d696971 |
||